Die Bilderwelt der Literatur : (Rekord nr 50429)
| 000 -ETYKIETA REKORDU | |
|---|---|
| podpole kontrolne o stałej długości | 00580nam a2200157 i 4500 |
| 001 - NUMER KONTROLNY REKORDU | |
| pole kontrolne | bgj |
| 040 ## - ŹRÓDŁO KATALOGOWANIA | |
| Instytucja, która utworzyła rekord | BPK |
| 041 0# - KOD JĘZYKA | |
| Kod języka tekstu | ger |
| 008 - POLE O STAŁEJ DŁUGOŚCI - DANE KONTROLNE | |
| podpole kontrolne o stałej długości | s gw f |000 0 ger |
| 245 00 - TYTUŁ/ODPOWIEDZIALNOŚĆ | |
| Tytuł | Die Bilderwelt der Literatur : |
| Ciąg dalszy tytułu | Schriftsteller arbeiten fürs Fernsehen : Fernsehtage im "Steirischen Herbst 82" / |
| Pozostałe elementy strefy tytułu i oznaczenia odpowiedzialności | Österreichischer Rundfunk, Orf-Landesstudio Steiermark. |
| 260 ## - STREFA ADRESU WYDAWNICZEGO | |
| Miejsce wydania | Graz : |
| Nazwa wydawcy/dystrybutora | Orf-Landesstudio Steiermark, |
| Data publikacji, dystrybucji/powstania dokumentu | ? ? ?. |
| 300 ## - STREFA OPISU FIZYCZNEGO | |
| Objętość | 128 S. : |
| Inne cechy fizyczne | Ill. ; |
| Rozmiary | 19 cm. |
| 650 #9 - HASŁO PRZEDMIOTOWE W FORMIE NAZWY OGÓLNEJ LUB JEDNOSTKOWEJ | |
| Nazwa ogólna lub geograficzna | Miscellanea |
| 710 p0 - HASŁO DODATKOWE - NAZWA CIAŁA ZBIOROWEGO | |
| Nazwa ciała zbiorowego lub jednostki geograficznej | Österreichischer Rundfunk, Orf-Landesstudio Steiermark |
| -- | Graz |
| 856 ## - LOKALIZACJA I DOSTĘP DO ELEKTRONICZNYCH DOKUMENTÓW ZDALNYCH | |
| Link (URL) | http://koha.tu.koszalin.pl/cgi-bin/koha/opac-detail.pl?biblionumber=50429 |
| Tekst linku | Katalog online BPK |
| 942 ## - DODATKOWE ELEMENTY (KOHA) | |
| Typ dokumentu | Książka |
| Wycofany | Status egzemplarza | Uszkodzony | Dostępność | Lokalizacja stała | Lokalizacja bieżąca | Miejsce przechowywania | Sygnatura | Kod kreskowy | Typ dokumentu |
|---|---|---|---|---|---|---|---|---|---|
| Dostępny | Biblioteka Politechniki Koszalińskiej | Biblioteka Politechniki Koszalińskiej | Wypożyczalnia Językowa | N 342 | 09046719 | Książka |
